FBS Football True or False - Statistics

General Stats
  • This quiz has been taken 13 times
  • The average score is 22 of 25
Answer Stats
Question Answer % Correct
Penn State University plays in Philadelphia, PA False
100%
There is an FBS conference called the Sun Belt True
100%
USC is considered a rival of Notre Dame True
100%
As of November 2025, the University of Hawai'i (at Manoa) is in the Pac-12 Conference False
92%
The flagship football program of the University of Texas system is the University of Texas at Dallas False
92%
Rutgers University is located in the state of New York False
92%
Only FBS teams have ever produced first-round NFL draft picks (since the FBS has existed) False
92%
Until 2025 (officially), Georgia and Georgia Tech played a rivalry game called "Clean, Old-Fashioned Hate" True
92%
As of November 2025, there are 5 FBS programs in the state of Michigan True
92%
Clemson and LSU each refer to their football stadium as "Death Valley" True
92%
As of November 2025, a member of the Atlantic Coast Conference plays in the state of New York True
92%
As of November 2025, Arizona is in the Big 12 Conference True
92%
BYU and Utah's rivalry is known as the Holy War True
92%
Bo Nix played his senior year at Oregon True
92%
(The) Ohio State and Michigan play a game called "The Game" True
92%
Alabama has the most total wins in the FBS False
85%
Notre Dame has played football as a member of the Atlantic Coast Conference since 2013 False
85%
Wake Forest has never beaten North Carolina in the history of the series False
85%
As of November 2025, there is no FBS team in Montana True
85%
South Carolina plays in Columbia, SC True
85%
There has never been a female FBS player False
77%
Army, Navy, and Air Force play for the Commander-in-Chief trophy True
77%
In 2025, it is impossible for a game of NCAA football to have a 9th overtime period (or later) False
69%
In NCAA football, a one-point safety is awarded when a team defending a two-point try gains possession of the ball and returns it to the opposite endzone False
62%
No FBS team has ever been located in the state of Delaware False
54%
No matching quizzes found
Score Distribution
Percent of People with Each Score
Percentile by Number Answered
Your Score History
You have not taken this quiz